000 00547pab a2200193 454500
008 180718b2005 xxu||||| |||| 00| 0 eng d
100 _aDasgupta, Sukti
245 _aWill services be the new engine of Indian economic growth?
260 _c2005
300 _ap.1035-057.
362 _aNov
650 _aManufacturing industry - India
650 _aEconomic and social development - India
650 _aEconomic growth - India
650 _aEconomic growth
700 _aSingh, Ajit
773 _aDevelopment and Change
909 _a68392
999 _c68392
_d68392